[Event "Vilafranca del Penedes op 12th"]
[Site "Vilafranca del Penedes"]
[Date "2018.04.20"]
[Round "3"]
[White "Bechini Bossons, Ferran"]
[Black "Gual Pascual, Antonio"]
[Result "0-1"]
[WhiteElo "1695"]
[BlackElo "2389"]
[PlyCount "58"]
[EventDate "2018.04.06"]
[EventType "swiss"]
[EventRounds "8"]
[EventCountry "ESP"]
[SourceTitle "CBM 184 Extra"]
[Source "ChessBase"]
[SourceDate "2018.06.28"]
[SourceVersion "1"]
[SourceVersionDate "2018.06.28"]
[SourceQuality "1"]

1. d4 g6 2. Nf3 Bg7 3. e4 d6 4. c3 Nf6 5. Bd3 0-0 6. 0-0 c5 7. Bg5 h6 8. Bh4 cxd4 9. Nxd4 Nc6 10. Nxc6 bxc6 11. Nd2 Qc7 12. Qe2 e5 13. Bxf6 Bxf6 14. c4 a5 15. Rab1 Be6 16. Rfd1 Kg7 17. b3 Rae8 18. Nf1 Bg5 19. g3 f5 20. h4 Bd8 21. c5 d5 22. exf5 gxf5 23. Qh5 e4 24. Bc2 f4 25. Bxe4 dxe4 26. Rd6 Bf6 27. Rbd1 Qc8 28. Nh2 Kh7 29. g4 Rg8 0-1